Computers In Agriculture (Record no. 344544)
[ view plain ]
| 000 -LEADER | |
|---|---|
| fixed length control field | 00538nam a22001817a 4500 |
| 003 - CONTROL NUMBER IDENTIFIER | |
| control field | OSt |
| 008 - FIXED-LENGTH DATA ELEMENTS--GENERAL INFORMATION | |
| fixed length control field | 210914b ||||| |||| 00| 0 eng d |
| 020 ## - INTERNATIONAL STANDARD BOOK NUMBER | |
| International Standard Book Number | 9789385516160 |
| 082 ## - DEWEY DECIMAL CLASSIFICATION NUMBER | |
| Classification number | 630.285 |
| Item number | SHA/CO |
| 100 ## - MAIN ENTRY--PERSONAL NAME | |
| Personal name | Sharma, Manish Kumar |
| 9 (RLIN) | 5018 |
| 100 ## - MAIN ENTRY--PERSONAL NAME | |
| Personal name | Anil Bhat |
| 9 (RLIN) | 5015 |
| 100 ## - MAIN ENTRY--PERSONAL NAME | |
| Personal name | Bhat, M Iqbal Jeelani |
| 9 (RLIN) | 5020 |
| 245 ## - TITLE STATEMENT | |
| Title | Computers In Agriculture |
| Remainder of title | Fundamentals And Applications |
| 260 ## - PUBLICATION, DISTRIBUTION, ETC. (IMPRINT) | |
| Place of publication, distribution, etc. | New Delhi |
| Name of publisher, distributor, etc. | New India Publishing Agency |
| Date of publication, distribution, etc. | 2017 |
| 300 ## - PHYSICAL DESCRIPTION | |
| Extent | 191 pages |
| 650 ## - SUBJECT ADDED ENTRY--TOPICAL TERM | |
| Topical term or geographic name as entry element | Agriculture Data Precessing |
| 9 (RLIN) | 5017 |
| 942 ## - ADDED ENTRY ELEMENTS (KOHA) | |
| Koha item type | Books (General) |
| Withdrawn status | Lost status | Damaged status | Not for loan | Home library | Current library | Shelving location | Date acquired | Cost, normal purchase price | Total Checkouts | Full call number | Barcode | Date last seen | Price effective from | Koha item type |
|---|---|---|---|---|---|---|---|---|---|---|---|---|---|---|
| Kelappaji College of Agricultural Engineering & Technology Library, Tavanur | Kelappaji College of Agricultural Engineering & Technology Library, Tavanur | 07/09/2021 | 1495.00 | 630.285 SHA/CO | KAU_KCAEFT-26008 | 03/09/2025 | 03/09/2025 | Books (General) | ||||||
| Kelappaji College of Agricultural Engineering & Technology Library, Tavanur | Kelappaji College of Agricultural Engineering & Technology Library, Tavanur | 07/09/2021 | 1495.00 | 630.285 SHA/CO | KAU_KCAEFT-26009 | 03/09/2025 | 03/09/2025 | Books (General) |
